[Event "Mombaca op 6th"]
[Site "Mombaca"]
[Date "2022.08.19"]
[Round "2"]
[White "Correia da Silva, Gabriel Medeiros"]
[Black "Itagyba, Renan Fortes"]
[Result "0-1"]
[WhiteElo "1215"]
[BlackElo "1750"]
[PlyCount "74"]
[EventDate "2022.08.19"]
[EventType "swiss"]
[EventRounds "6"]
[EventCountry "BRA"]
[SourceTitle "CBM 210 Extra"]
[Source "ChessBase"]
[SourceDate "2022.11.30"]
[SourceVersion "1"]
[SourceVersionDate "2022.11.30"]
[SourceQuality "1"]

1. e4 d5 2. exd5 Qxd5 3. Nc3 Qa5 4. d4 c6 5. Nf3 Nf6 6. Bd3 Bg4 7. 0-0 e6 8. Bd2 Qd8 9. Be3 Nbd7 10. Ne4 Be7 11. Ng3 0-0 12. h3 Bxf3 13. Qxf3 Qc7 14. c3 Rad8 15. Rae1 Nd5 16. Bc1 Bd6 17. Ne4 Bf4 18. Qh5 N5f6 19. Nxf6+ Nxf6 20. Bxf4 Qxf4 21. Qd1 Rd7 22. Re5 Rfd8 23. Rfe1 Rd5 24. Qc2 b6 25. Be4 Rxe5 26. dxe5 Rd2 27. Qb1 Qxf2+ 28. Kh1 Rxb2 29. Qd1 Rd2 30. Qb1 Nxe4 31. Qxe4 h6 32. a4 Qc5 33. Qf3 Qd5 34. Qg3 Rd1 35. Kh2 Rxe1 36. Qxe1 Qc4 37. Qa1 Qf4+ 0-1

[Event "Florianopolis op 8th"]
[Site "Florianopolis"]
[Date "2022.01.27"]
[Round "5"]
[White "Lutz, Igor Oscar"]
[Black "Itagyba, Renan Fortes"]
[Result "1-0"]
[WhiteElo "2044"]
[BlackElo "1737"]
[PlyCount "69"]
[EventDate "2022.01.24"]
[EventType "swiss"]
[EventRounds "10"]
[EventCountry "BRA"]
[SourceTitle "CBM 206 Extra"]
[Source "ChessBase"]
[SourceDate "2022.03.31"]
[SourceVersion "1"]
[SourceVersionDate "2022.03.31"]
[SourceQuality "1"]

1. d4 d5 2. c4 c6 3. Nf3 Nf6 4. g3 Bf5 5. Bg2 e6 6. Nbd2 Be7 7. 0-0 0-0 8. Nh4 Bg6 9. Nxg6 hxg6 10. e4 dxe4 11. Nxe4 Nxe4 12. Bxe4 Nd7 13. Be3 Nf6 14. Bg2 Qd7 15. h3 Rfd8 16. Qc2 Rac8 17. Rfd1 Bb4 18. Qa4 c5 19. Qxa7 Qe7 20. a3 cxd4 21. Rxd4 Bd6 22. Rad1 e5 23. R4d2 Rxc4 24. Qxb7 Rb8 25. Qa6 Rd4 26. Bxd4 exd4 27. Rxd4 Be5 28. Qe2 Qc5 29. Rc4 Qb5 30. Rc8+ Kh7 31. Qxb5 Rxb5 32. Rdd8 g5 33. b4 Bb2 34. Bf1 Rb7 35. Rh8+ 1-0

[Event "Florianopolis op 8th"]
[Site "Florianopolis"]
[Date "2022.01.24"]
[Round "1"]
[White "Mekhitarian, Krikor Sevag"]
[Black "Itagyba, Renan Fortes"]
[Result "1-0"]
[WhiteElo "2562"]
[BlackElo "1737"]
[PlyCount "42"]
[EventDate "2022.01.24"]
[EventType "swiss"]
[EventRounds "10"]
[EventCountry "BRA"]
[SourceTitle "CBM 206 Extra"]
[Source "ChessBase"]
[SourceDate "2022.03.31"]
[SourceVersion "1"]
[SourceVersionDate "2022.03.31"]
[SourceQuality "1"]

1. Nf3 c5 2. c4 Nf6 3. Nc3 d5 4. cxd5 Nxd5 5. e4 Nc7 6. d4 e6 7. Be3 cxd4 8. Qxd4 Qxd4 9. Nxd4 Bd7 10. Bf4 Bc5 11. 0-0-0 Bxd4 12. Rxd4 Nc6 13. Rd2 e5 14. Be3 0-0-0 15. Bc4 Be6 16. Bd5 Nb4 17. Bxe6+ Nxe6 18. Rxd8+ Rxd8 19. Bxa7 Nd4 20. Kb1 Rd6 21. Bc5 b6 1-0

[Event "Sao Jose dos Campos op"]
[Site "Sao Jose dos Campos"]
[Date "2021.10.11"]
[Round "5"]
[White "Itagyba, Renan Fortes"]
[Black "Jenidarchiche, Douglas Rodrigo"]
[Result "1-0"]
[WhiteElo "1715"]
[BlackElo "1815"]
[PlyCount "109"]
[EventDate "2021.10.09"]
[EventType "swiss"]
[EventRounds "7"]
[EventCountry "BRA"]
[SourceTitle "CBM 204 Extra"]
[Source "ChessBase"]
[SourceDate "2021.11.30"]
[SourceVersion "1"]
[SourceVersionDate "2021.11.30"]
[SourceQuality "1"]

1. e4 c5 2. Nf3 g6 3. d4 cxd4 4. Nxd4 Bg7 5. Be3 Nc6 6. c4 Nf6 7. Nc3 Ng4 8. Nxc6 Nxe3 9. Nxd8 Nxd1 10. Nxd1 Kxd8 11. Be2 b6 12. Rc1 Bb7 13. f3 Bd4 14. a3 Rc8 15. Kd2 e6 16. Nc3 Bg7 17. Rcd1 Ke7 18. Kc2 Ba6 19. Kb3 Rhd8 20. f4 Bxc3 21. bxc3 d5 22. exd5 exd5 23. Rhe1 Kf6 24. cxd5 Bb7 25. Bf3 Rc5 26. d6 Bxf3 27. gxf3 a5 28. d7 Rc7 29. Rd6+ Kf5 30. Re7 Kxf4 31. Rxf7+ Ke5 32. Rxb6 Rdxd7 33. Rxd7 Rxd7 34. Rb5+ Kf4 35. Rxa5 Kxf3 36. c4 Ke4 37. Rb5 h5 38. a4 h4 39. a5 h3 40. Kb4 Kf3 41. Rg5 Kf4 42. Rg3 Rb7+ 43. Kc5 Ke5 44. a6 Rc7+ 45. Kb5 Kd4 46. Kb6 Rf7 47. a7 Rf6+ 48. Kb5 Rf5+ 49. Kb4 Rf8 50. Rxh3 Ra8 51. Ra3 g5 52. h3 Ke5 53. Kb5 Kd6 54. Kb6 Kd7 55. Kb7 1-0

[Event "Sao Jose dos Campos op 3rd"]
[Site "Sao Jose dos Campos"]
[Date "2021.08.21"]
[Round "3"]
[White "Correia da Silva, Gabriel Medeiros"]
[Black "Itagyba, Renan Fortes"]
[Result "0-1"]
[WhiteElo "1194"]
[BlackElo "1713"]
[PlyCount "78"]
[EventDate "2021.08.21"]
[EventType "swiss"]
[EventRounds "5"]
[EventCountry "BRA"]
[SourceTitle "CBM 204 Extra"]
[Source "ChessBase"]
[SourceDate "2021.11.30"]
[SourceVersion "1"]
[SourceVersionDate "2021.11.30"]
[SourceQuality "1"]

1. e4 c5 2. Nf3 d6 3. d4 cxd4 4. Nxd4 Nf6 5. f3 a6 6. c4 e6 7. Nc3 Be7 8. Be2 0-0 9. 0-0 Nbd7 10. Be3 b6 11. Qd2 Bb7 12. Rfd1 Rc8 13. Rac1 Qc7 14. b3 Rfd8 15. Bg5 Qb8 16. Na4 Ba8 17. Nb2 h6 18. Bh4 Qb7 19. Bxf6 Nxf6 20. Bd3 d5 21. cxd5 Rxc1 22. Rxc1 exd5 23. e5 Nd7 24. e6 Nc5 25. exf7+ Kxf7 26. Qf4+ Bf6 27. Nf5 Kg8 28. Re1 Bxb2 29. Re7 Nxd3 30. Nxh6+ Kh7 31. Qf5+ Kxh6 32. Re6+ Bf6 33. Qh3+ Kg6 34. f4 Nxf4 35. Qg3+ Kf7 36. Qxf4 Kxe6 37. Qg4+ Kf7 38. Qh5+ Kg8 39. Qf5 d4 0-1

[Event "Sao Paulo Haroldo Salles op"]
[Site "Sao Paulo"]
[Date "2019.05.10"]
[Round "3.9"]
[White "Madaloso, Breno Affonso1111"]
[Black "Itagyba, Renan Fortes"]
[Result "0-1"]
[WhiteElo "1423"]
[BlackElo "1729"]
[PlyCount "62"]
[EventDate "2019.05.09"]
[EventType "swiss"]
[EventRounds "6"]
[EventCountry "BRA"]
[SourceTitle "EXT 2022"]
[Source "ChessBase"]
[SourceDate "2021.10.06"]
[SourceVersion "1"]
[SourceVersionDate "2021.10.06"]
[SourceQuality "1"]

1. f4 e5 2. fxe5 d6 3. exd6 Bxd6 4. Nf3 g5 5. e3 g4 6. Nd4 Qh4+ 7. Ke2 g3 8. Nf3 Bg4 9. h3 Nc6 10. Ke1 Bxf3 11. Qxf3 Nf6 12. Bb5 0-0 13. Bxc6 bxc6 14. Rf1 Ne4 15. Nc3 Nf2 16. d3 Nxh3 17. Rh1 Ng5 18. Rxh4 Nxf3+ 19. gxf3 f5 20. e4 g2 21. Ne2 g1Q+ 22. Nxg1 Bg3+ 23. Kf1 Bxh4 24. Bf4 fxe4 25. Bd2 exf3 26. Re1 Bxe1 27. Bxe1 Rae8 28. Kf2 Rf5 29. c4 Rd8 30. Ke3 f2 31. Bxf2 Re8+ 0-1